Catálogo

Macroeconomics / (Registro nro. 71152)

Detalles MARC
000 -LEADER
fixed length control field 01243cam a2200337 i 4500
001 - CONTROL NUMBER
control field 71152
003 - CONTROL NUMBER IDENTIFIER
control field Mx-PuUPA
005 - DATE AND TIME OF LATEST TRANSACTION
control field 20250611144551.0
008 - FIXED-LENGTH DATA ELEMENTS--GENERAL INFORMATION
fixed length control field 241030s2019 uk ad fr 00| 0 eng d
020 ## - INTERNATIONAL STANDARD BOOK NUMBER
International Standard Book Number 129225291X
020 ## - INTERNATIONAL STANDARD BOOK NUMBER
International Standard Book Number 9781292252919
040 ## - CATALOGING SOURCE
Original cataloging agency Mx-PuUPA
Language of cataloging spa
Transcribing agency Mx-PuUPA
Modifying agency Mx-PuUPA
Description conventions rda
041 0# - LANGUAGE CODE
Language code of text/sound track or separate title eng
100 1# - MAIN ENTRY--PERSONAL NAME
Personal name Acemoglu, Daron,
Relator term autor
9 (RLIN) 8561
245 10 - TITLE STATEMENT
Title Macroeconomics /
Statement of responsibility, etc. Daron Acemoglu, David Laibson, John A. List
250 ## - EDITION STATEMENT
Edition statement Second edition /
Remainder of edition statement Global edition
264 #1 - PRODUCTION, PUBLICATION, DISTRIBUTION, MANUFACTURE, AND COPYRIGHT NOTICE
Place of production, publication, distribution, manufacture Harlow, England :
Name of producer, publisher, distributor, manufacturer Pearson,
Date of production, publication, distribution, manufacture, or copyright notice 2019
300 ## - PHYSICAL DESCRIPTION
Extent 446 páginas :
Other physical details ilustraciones, gráficas, tablas (en color) ;
Dimensions 28 cm
336 ## - CONTENT TYPE
Fuente rdacontent
Content type term texto
Content type code txt
337 ## - MEDIA TYPE
Source rdamedia
Media type term sin medio
Media type code n
338 ## - CARRIER TYPE
Source rdacarrier
Carrier type term volumen
Carrier type code nc
650 #7 - SUBJECT ADDED ENTRY--TOPICAL TERM
Source of heading or term armarc
Topical term or geographic name entry element Macroeconomía
650 #7 - SUBJECT ADDED ENTRY--TOPICAL TERM
Source of heading or term armarc
Topical term or geographic name entry element Macroeconomía
Form subdivision Libros de texto
700 1# - ADDED ENTRY--PERSONAL NAME
Personal name Laibson, David,
Relator term autor
700 1# - ADDED ENTRY--PERSONAL NAME
Personal name List, John A.,
Relator term autor
775 0# - OTHER EDITION ENTRY
Relationship information Adaptación de:
Main entry heading Acemoglu, Daron, 1967
Edition Second edition
Title Macroeconomics
International Standard Book Number 0134492056
-- 9780134492056
Record control number (Mx-PuUPA)68087
942 ## - ADDED ENTRY ELEMENTS (KOHA)
Source of classification or shelving scheme Dewey Decimal Classification
Koha item type Libro
Classification part 339
Item part A73
Existencias
Withdrawn status Lost status Source of classification or shelving scheme Damaged status Not for loan Collection code Home library Current library Shelving location Date acquired Source of acquisition Cost, normal purchase price Total Checkouts Full call number Barcode Date last seen Cost, replacement price Price effective from Koha item type
    Dewey Decimal Classification     General Biblioteca Karol Wojtyla Biblioteca Karol Wojtyla Sala general 15/05/2025 25 5920.00   339 A73 2019 106089 05/01/2026 5920.00 15/05/2025 Reserva permanente